Click the Alphabet - Statistics

General Stats
  • This quiz has been taken 587 times
  • The average score is 20 of 26
Answer Stats
Hint Answer % Correct
D D
82%
I I
82%
J J
82%
E E
81%
N N
80%
O O
80%
T T
80%
Z Z
80%
P P
79%
X X
79%
A A
78%
B B
78%
F F
78%
G G
78%
H H
78%
K K
78%
S S
78%
Y Y
78%
C C
77%
Q Q
77%
W W
77%
L L
76%
R R
76%
U U
76%
V V
76%
M M
74%
No matching quizzes found
Score Distribution
Percent of People with Each Score
Percentile by Number Answered
Your Score History
You have not taken this quiz